[Event "European Women's Chess Club Cup 2023"]
[Site "Durres, Albania"]
[Date "2023.10.06"]
[Round "6.18"]
[White "Muetsch, Annmarie"]
[Black "Narva, Mai"]
[Result "1/2-1/2"]
[TimeControl "90' + 30' & 30\""]
[WhiteElo "2262"]
[BlackElo "2399"]

1. d4 {[%clk 01:30:53]} {[%emt 00:00:05]} Nf6 {[%clk 01:30:47]} {[%emt
00:00:13]} 2. Bg5 {[%clk 01:31:15]} {[%emt 00:00:08]} d5 {[%clk 01:31:05]}
{[%emt 00:00:13]} 3. Nd2 {[%emt 00:01:00]} Nbd7 {[%clk 01:26:48]} {[%emt
00:04:08]} 4. Ngf3 {[%emt 00:08:49]} h6 {[%emt 00:00:27]} 5. Bh4 {[%emt
00:01:31]} e6 {[%clk 01:18:04]} {[%emt 00:00:14]} 6. e3 {[%emt 00:07:31]} Bd6
{[%emt 00:03:14]} 7. c4 {[%clk 01:25:53]} {[%emt 00:03:02]} c6 {[%clk
01:08:18]} {[%emt 00:03:13]} 8. Be2 {[%clk 01:15:46]} {[%emt 00:10:36]} O-O
{[%clk 00:49:16]} {[%emt 00:19:33]} 9. O-O {[%clk 01:14:51]} {[%emt 00:01:24]}
Re8 {[%emt 00:11:07]} 10. Qc2 {[%clk 01:11:05]} {[%emt 00:00:30]} Be7 {[%clk
00:33:56]} {[%emt 00:09:00]} 11. a3 {[%clk 01:07:51]} {[%emt 00:03:44]} Nh5
{[%clk 00:33:00]} {[%emt 00:01:26]} 12. Bxe7 {[%clk 01:07:17]} {[%emt
00:01:03]} Qxe7 {[%clk 00:33:24]} {[%emt 00:00:07]} 13. Ne5 {[%clk 00:59:29]}
{[%emt 00:08:17]} Nhf6 {[%clk 00:33:32]} {[%emt 00:00:23]} 14. f4 {[%clk
00:53:14]} {[%emt 00:06:45]} c5 {[%clk 00:31:31]} {[%emt 00:02:31]} 15. Bf3
{[%clk 00:52:09]} {[%emt 00:01:35]} Nb6 {[%clk 00:28:49]} {[%emt 00:03:11]} 16.
cxd5 {[%clk 00:44:37]} {[%emt 00:08:02]} Nbxd5 {[%clk 00:25:11]} {[%emt
00:04:09]} 17. Qxc5 {[%clk 00:43:55]} {[%emt 00:01:12]} Nxe3 {[%clk 00:24:25]}
{[%emt 00:01:15]} 18. Rfc1 {[%clk 00:43:15]} {[%emt 00:01:10]} Ned5 {[%clk
00:20:41]} {[%emt 00:04:14]} 19. g3 {[%clk 00:40:27]} {[%emt 00:03:19]} Bd7
{[%clk 00:18:58]} {[%emt 00:02:13]} 20. Ndc4 {[%clk 00:37:26]} {[%emt
00:03:30]} b6 {[%clk 00:15:33]} {[%emt 00:03:55]} 21. Qxe7 {[%clk 00:36:58]}
{[%emt 00:00:58]} Rxe7 {[%clk 00:15:58]} {[%emt 00:00:05]} 22. Nd6 {[%clk
00:32:13]} {[%emt 00:05:15]} Rd8 {[%clk 00:15:52]} {[%emt 00:00:36]} 23. Nb7
{[%clk 00:28:30]} {[%emt 00:04:13]} Rb8 {[%clk 00:15:40]} {[%emt 00:00:42]} 24.
Nd6 {[%clk 00:28:37]} {[%emt 00:00:24]} Rd8 {[%clk 00:14:36]} {[%emt 00:01:34]}
25. Nb7 {[%clk 00:26:18]} {[%emt 00:02:48]} Rb8 {[%clk 00:14:57]} {[%emt
00:00:09]} 26. Nd6 {[%clk 00:25:56]} {[%emt 00:00:53]} g6 {[%clk 00:12:53]}
{[%emt 00:02:33]} 27. b4 {[%clk 00:24:53]} {[%emt 00:01:33]} Rd8 {[%clk
00:11:39]} {[%emt 00:01:44]} 28. Nb7 {[%clk 00:22:14]} {[%emt 00:03:10]} Rb8
{[%clk 00:11:57]} {[%emt 00:00:12]} 29. Nd6 {[%clk 00:22:36]} {[%emt 00:00:08]}
Rd8 {[%clk 00:12:05]} {[%emt 00:00:22]} 30. Nb7 {[%clk 00:22:41]} {[%emt
00:00:24]} Rb8 {[%clk 00:12:04]} {[%emt 00:00:31]} 31. Nd6 {[%clk 00:23:04]}
{[%emt 00:00:07]} Rd8 {[%clk 00:10:37]} {[%emt 00:01:57]} 32. Nb7 {[%clk
00:22:53]} {[%emt 00:00:41]} Rb8 {[%clk 00:10:49]} {[%emt 00:00:18]} 1/2-1/2

[Event "European Women's Chess Club Cup 2023"]
[Site "Durres, Albania"]
[Date "2023.10.06"]
[Round "6.19"]
[White "Radeva, Viktoria"]
[Black "Jarocka, Liwia"]
[Result "1/2-1/2"]
[TimeControl "90' + 30' & 30\""]
[WhiteElo "2293"]
[BlackElo "2208"]

1. e4 {[%clk 01:30:57]} {[%emt 00:00:03]} c5 {[%clk 01:30:49]} {[%emt
00:00:11]} 2. Nf3 {[%clk 01:31:21]} {[%emt 00:00:06]} d6 {[%clk 01:31:12]}
{[%emt 00:00:08]} 3. d4 {[%clk 01:31:45]} {[%emt 00:00:06]} cxd4 {[%clk
01:31:36]} {[%emt 00:00:06]} 4. Nxd4 {[%clk 01:32:11]} {[%emt 00:00:04]} Nf6
{[%clk 01:32:00]} {[%emt 00:00:05]} 5. Nc3 {[%clk 01:32:33]} {[%emt 00:00:09]}
Nc6 {[%clk 01:32:24]} {[%emt 00:00:06]} 6. Bg5 {[%clk 01:32:39]} {[%emt
00:00:23]} e6 {[%clk 01:32:33]} {[%emt 00:00:22]} 7. Qd3 {[%clk 01:32:57]}
{[%emt 00:00:12]} Be7 {[%clk 01:32:46]} {[%emt 00:00:16]} 8. O-O-O {[%clk
01:31:05]} {[%emt 00:02:22]} O-O {[%clk 01:32:41]} {[%emt 00:00:35]} 9. f4
{[%clk 01:28:36]} {[%emt 00:03:00]} Qb6 {[%clk 01:25:34]} {[%emt 00:07:37]} 10.
Kb1 {[%clk 01:19:36]} {[%emt 00:09:29]} h6 {[%clk 01:15:31]} {[%emt 00:10:33]}
11. Nxc6 {[%clk 01:08:09]} {[%emt 00:11:58]} bxc6 {[%clk 01:15:52]} {[%emt
00:00:09]} 12. h4 {[%clk 01:07:15]} {[%emt 00:01:23]} Rd8 {[%clk 00:40:30]}
{[%emt 00:35:52]} 13. g4 {[%clk 00:53:30]} {[%emt 00:14:15]} Qa5 {[%clk
00:36:38]} {[%emt 00:04:23]} 14. Qg3 {[%clk 00:38:13]} {[%emt 00:15:46]} Kf8
{[%clk 00:32:05]} {[%emt 00:05:04]} 15. Bc4 {[%emt 00:26:46]} hxg5 {[%clk
00:26:29]} {[%emt 00:00:19]} 16. hxg5 {[%clk 00:18:06]} {[%emt 00:00:08]} Ng8
{[%emt 00:00:11]} 17. Rh8 {[%emt 00:03:44]} d5 {[%clk 00:23:29]} {[%emt
00:00:17]} 18. Qh4 {[%clk 00:12:01]} {[%emt 00:06:52]} Bb4 {[%emt 00:04:24]} 19.
Qh7 {[%emt 00:01:48]} Ke7 {[%emt 00:06:44]} 20. Rxg8 {[%clk 00:01:13]} {[%emt
00:01:45]} Rxg8 {[%clk 00:20:41]} {[%emt 00:01:25]} 21. Qxg8 {[%clk 00:01:42]}
{[%emt 00:00:02]} Bxc3 {[%clk 00:18:01]} {[%emt 00:03:09]} 22. bxc3 {[%emt
00:08:20]} dxc4 {[%clk 00:09:46]} {[%emt 00:00:30]} 23. Qxg7 {[%clk 00:02:22]}
{[%emt 00:00:15]} Qb6+ {[%emt 00:01:11]} 24. Ka1 {[%emt 00:00:23]} Rb8 {[%emt
00:00:09]} 25. Qf6+ {[%clk 00:02:30]} Ke8 {[%clk 00:10:17]} {[%emt 00:00:07]}
26. Qh8+ {[%clk 00:02:40]} {[%emt 00:00:21]} Ke7 {[%clk 00:10:42]} {[%emt
00:00:05]} 27. Qf6+ {[%clk 00:03:05]} {[%emt 00:00:04]} Ke8 {[%clk 00:11:10]}
{[%emt 00:00:03]} 28. Qh8+ {[%emt 00:00:19]} Ke7 {[%clk 00:11:36]} 29. Qf6+
{[%clk 00:03:47]} {[%emt 00:00:03]} Ke8 {[%clk 00:12:02]} {[%emt 00:00:05]} 30.
Qh8+ {[%clk 00:04:15]} {[%emt 00:00:02]} Ke7 {[%clk 00:12:28]} {[%emt
00:00:03]} 31. Qh4 {[%emt 00:00:28]} 1/2-1/2

[Event "European Women's Chess Club Cup 2023"]
[Site "Durres, Albania"]
[Date "2023.10.06"]
[Round "6.20"]
[White "Bashylina, Luisa"]
[Black "Manova, Ivana"]
[Result "1/2-1/2"]
[TimeControl "90' + 30' & 30\""]
[WhiteElo "2192"]
[BlackElo "1925"]

1. d4 {[%clk 01:30:57]} {[%emt 00:00:02]} Nf6 {[%clk 01:30:49]} {[%emt
00:00:11]} 2. c4 {[%clk 01:31:23]} {[%emt 00:00:05]} e6 {[%clk 01:31:09]}
{[%emt 00:00:10]} 3. Nc3 {[%clk 01:31:49]} {[%emt 00:00:04]} Bb4 {[%clk
01:31:20]} {[%emt 00:00:19]} 4. a3 {[%clk 01:32:14]} {[%emt 00:00:05]} Bxc3+
{[%clk 01:31:34]} {[%emt 00:00:15]} 5. bxc3 {[%clk 01:32:40]} {[%emt 00:00:05]}
c5 {[%clk 01:31:05]} {[%emt 00:00:59]} 6. e3 {[%emt 00:05:16]} O-O {[%clk
01:26:12]} {[%emt 00:00:16]} 7. Bd3 {[%clk 01:33:17]} {[%emt 00:00:16]} d5
{[%clk 01:24:11]} {[%emt 00:02:31]} 8. cxd5 {[%clk 01:33:38]} {[%emt 00:00:08]}
exd5 {[%clk 01:24:32]} {[%emt 00:00:09]} 9. Ne2 {[%emt 00:04:15]} Nc6 {[%clk
01:17:49]} {[%emt 00:03:06]} 10. O-O {[%clk 01:33:40]} {[%emt 00:00:50]} Re8
{[%clk 01:16:23]} {[%emt 00:01:56]} 11. f3 {[%emt 00:05:30]} b6 {[%clk
01:08:04]} {[%emt 00:03:44]} 12. Ra2 {[%clk 01:33:12]} {[%emt 00:01:03]} Bb7
{[%clk 01:00:33]} {[%emt 00:08:00]} 13. g4 {[%clk 01:33:34]} {[%emt 00:00:08]}
Nd7 {[%clk 00:51:46]} {[%emt 00:09:18]} 14. Ng3 {[%clk 01:33:16]} {[%emt
00:00:49]} Nf8 {[%clk 00:50:18]} {[%emt 00:01:57]} 15. Rg2 {[%clk 01:32:32]}
{[%emt 00:01:13]} a5 {[%clk 00:41:13]} {[%emt 00:09:36]} 16. Nf5 {[%clk
01:25:23]} {[%emt 00:07:39]} Ba6 {[%clk 00:38:10]} {[%emt 00:03:33]} 17. Bxa6
{[%clk 01:21:10]} {[%emt 00:04:43]} Rxa6 {[%clk 00:37:31]} {[%emt 00:01:09]} 18.
Qe2 {[%clk 01:21:20]} {[%emt 00:00:20]} c4 {[%emt 00:18:47]} 19. e4 {[%clk
01:06:53]} {[%emt 00:02:56]} b5 {[%clk 00:26:59]} {[%emt 00:04:45]} 20. Ne3
{[%clk 01:02:58]} {[%emt 00:04:26]} dxe4 {[%clk 00:19:17]} {[%emt 00:08:12]} 21.
fxe4 {[%clk 01:03:22]} {[%emt 00:00:05]} Rxe4 {[%clk 00:16:18]} {[%emt
00:03:30]} 22. Qf3 {[%clk 00:59:01]} {[%emt 00:04:50]} Qe8 {[%clk 00:15:51]}
{[%emt 00:00:58]} 23. Nd5 {[%clk 00:51:15]} {[%emt 00:08:16]} Ra7 {[%emt
00:07:18]} 24. Bf4 {[%clk 00:44:18]} {[%emt 00:01:20]} Ng6 {[%clk 00:14:02]}
{[%emt 00:01:38]} 25. Bg3 {[%clk 00:44:00]} {[%emt 00:00:48]} Qe6 {[%emt
00:08:17]} 26. Nf4 {[%clk 00:35:17]} {[%emt 00:01:53]} Nxf4 {[%clk 00:11:23]}
{[%emt 00:02:43]} 27. Bxf4 {[%clk 00:35:45]} Ne7 {[%clk 00:08:45]} {[%emt
00:03:07]} 28. Be5 {[%clk 00:32:52]} {[%emt 00:03:24]} Qd5 {[%clk 00:07:00]}
{[%emt 00:02:15]} 29. g5 {[%clk 00:30:35]} {[%emt 00:02:47]} Rd7 {[%clk
00:06:46]} {[%emt 00:00:43]} 30. Rgf2 {[%clk 00:28:03]} {[%emt 00:03:03]} Ng6
{[%clk 00:06:24]} {[%emt 00:00:52]} 31. Bg3 {[%clk 00:26:32]} {[%emt 00:02:01]}
Qe6 {[%clk 00:02:03]} {[%emt 00:04:51]} 32. Kh1 {[%clk 00:22:59]} {[%emt
00:04:03]} Qd5 {[%clk 00:01:01]} {[%emt 00:01:32]} 33. Kg1 {[%emt 00:03:59]} b4
{[%clk 00:00:51]} {[%emt 00:00:33]} 34. axb4 {[%clk 00:16:35]} {[%emt
00:03:33]} axb4 {[%clk 00:01:17]} {[%emt 00:00:04]} 35. cxb4 {[%clk 00:15:37]}
{[%emt 00:01:27]} Rxd4 {[%clk 00:00:41]} {[%emt 00:01:06]} 36. Qxd5 {[%clk
00:15:20]} {[%emt 00:00:47]} R4xd5 {[%clk 00:01:04]} {[%emt 00:00:07]} 37. Rc2
{[%clk 00:15:24]} {[%emt 00:00:26]} Rxg5 {[%clk 00:00:39]} {[%emt 00:00:54]} 38.
Rxc4 {[%clk 00:15:19]} {[%emt 00:00:35]} f6 {[%emt 00:00:27]} 39. Rc5 {[%clk
00:14:05]} {[%emt 00:01:34]} Rb7 {[%clk 00:00:38]} {[%emt 00:00:44]} 40. Rxg5
{[%clk 00:13:35]} {[%emt 00:01:01]} fxg5 {[%clk 00:01:07]} 41. Bd6 {[%clk
00:13:18]} {[%emt 00:00:48]} h6 {[%emt 00:03:11]} 42. Rb1 {[%emt 00:08:50]} Kf7
{[%clk 00:24:40]} {[%emt 00:00:28]} 43. Bc5 {[%emt 00:06:55]} Ne5 {[%clk
00:21:50]} {[%emt 00:01:19]} 44. b5 {[%clk 00:32:04]} {[%emt 00:02:47]} Ke6
{[%clk 00:21:03]} {[%emt 00:01:16]} 45. Kg2 {[%emt 00:06:00]} Nc4 {[%clk
00:17:57]} {[%emt 00:00:19]} 46. b6 {[%emt 00:06:36]} Kd5 {[%clk 00:13:14]}
{[%emt 00:01:25]} 47. Bg1 {[%clk 00:27:33]} {[%emt 00:04:58]} Nd6 {[%clk
00:05:49]} {[%emt 00:03:28]} 48. Rd1+ {[%clk 00:25:50]} {[%emt 00:02:13]} Ke5
{[%clk 00:05:30]} {[%emt 00:00:47]} 49. h4 {[%clk 00:23:49]} {[%emt 00:02:32]}
Ne4 {[%clk 00:05:08]} {[%emt 00:00:52]} 50. Rc1 {[%emt 00:03:38]} Kd5 {[%clk
00:02:50]} {[%emt 00:00:57]} 51. hxg5 {[%clk 00:21:49]} {[%emt 00:01:15]} hxg5
{[%clk 00:03:06]} {[%emt 00:00:13]} 52. Rc7 {[%clk 00:20:37]} {[%emt 00:01:42]}
Rxc7 {[%clk 00:01:47]} {[%emt 00:01:49]} 53. bxc7 {[%clk 00:21:06]} {[%emt
00:00:01]} Nd6 {[%clk 00:02:11]} {[%emt 00:00:06]} 54. Bh2 {[%clk 00:21:23]}
{[%emt 00:00:12]} Nc8 {[%clk 00:02:36]} {[%emt 00:00:05]} 55. Kf3 {[%clk
00:21:28]} {[%emt 00:00:26]} Kc6 {[%clk 00:02:47]} {[%emt 00:00:18]} 56. Kg4
{[%clk 00:19:43]} {[%emt 00:02:16]} Kd7 {[%clk 00:02:50]} {[%emt 00:00:27]}
1/2-1/2

[Event "European Women's Chess Club Cup 2023"]
[Site "Durres, Albania"]
[Date "2023.10.06"]
[Round "6.21"]
[White "Toncheva, Nadya"]
[Black "Danielian, Elina"]
[Result "0-1"]
[TimeControl "90' + 30' & 30\""]
[WhiteElo "2253"]
[BlackElo "2416"]

1. e4 {[%clk 01:30:57]} {[%emt 00:00:02]} d6 {[%clk 01:30:53]} {[%emt
00:00:08]} 2. d4 {[%clk 01:31:22]} {[%emt 00:00:05]} Nf6 {[%clk 01:31:19]}
{[%emt 00:00:03]} 3. Nc3 {[%clk 01:31:45]} {[%emt 00:00:08]} g6 {[%clk
01:31:44]} {[%emt 00:00:05]} 4. h4 {[%clk 01:29:52]} {[%emt 00:02:22]} h5
{[%clk 01:28:50]} {[%emt 00:03:24]} 5. f3 {[%clk 01:28:38]} {[%emt 00:01:44]}
c6 {[%clk 01:28:54]} {[%emt 00:00:26]} 6. Be3 {[%clk 01:28:08]} {[%emt
00:01:00]} b5 {[%clk 01:28:29]} {[%emt 00:00:55]} 7. Qd2 {[%clk 01:26:33]}
{[%emt 00:02:06]} Bg7 {[%clk 01:26:53]} {[%emt 00:02:06]} 8. Nh3 {[%clk
01:26:03]} {[%emt 00:01:00]} Bxh3 {[%clk 01:26:15]} {[%emt 00:01:07]} 9. Rxh3
{[%clk 01:26:20]} {[%emt 00:00:13]} Nbd7 {[%clk 01:26:36]} {[%emt 00:00:09]} 10.
O-O-O {[%clk 01:17:41]} {[%emt 00:09:09]} Qc7 {[%clk 01:24:34]} {[%emt
00:02:33]} 11. Kb1 {[%clk 01:17:08]} {[%emt 00:01:03]} Nb6 {[%clk 01:18:03]}
{[%emt 00:07:01]} 12. Bd3 {[%clk 01:13:42]} {[%emt 00:03:55]} b4 {[%clk
01:11:32]} {[%emt 00:07:02]} 13. Ne2 {[%clk 01:14:05]} {[%emt 00:00:06]} a5
{[%clk 01:11:58]} {[%emt 00:00:05]} 14. f4 {[%clk 01:07:13]} {[%emt 00:07:22]}
Ng4 {[%clk 01:11:09]} {[%emt 00:01:19]} 15. Bg1 {[%clk 01:01:59]} {[%emt
00:05:43]} d5 {[%clk 01:10:24]} {[%emt 00:01:16]} 16. Nc1 {[%clk 00:57:37]}
{[%emt 00:04:51]} e6 {[%clk 01:03:43]} {[%emt 00:07:11]} 17. exd5 {[%clk
00:48:21]} {[%emt 00:09:47]} Nxd5 {[%clk 01:02:32]} {[%emt 00:01:40]} 18. Be4
{[%clk 00:43:53]} {[%emt 00:04:58]} Nxf4 {[%clk 00:52:28]} {[%emt 00:10:34]} 19.
Bxc6+ {[%clk 00:43:09]} {[%emt 00:01:14]} Qxc6 {[%clk 00:52:53]} {[%emt
00:00:05]} 20. Qxf4 {[%clk 00:43:35]} {[%emt 00:00:05]} Rc8 {[%clk 00:42:54]}
{[%emt 00:10:28]} 21. Qd2 {[%clk 00:43:38]} {[%emt 00:00:27]} O-O {[%clk
00:43:16]} {[%emt 00:00:08]} 22. Qe2 {[%clk 00:41:16]} {[%emt 00:02:52]} Rfd8
{[%clk 00:31:54]} {[%emt 00:11:52]} 23. Rf3 {[%clk 00:34:38]} {[%emt 00:07:09]}
Rd7 {[%clk 00:31:25]} {[%emt 00:00:58]} 24. Nb3 {[%clk 00:34:31]} {[%emt
00:00:37]} Qd5 {[%clk 00:17:18]} {[%emt 00:14:36]} 25. Rfd3 {[%clk 00:33:33]}
{[%emt 00:01:29]} Rdc7 {[%clk 00:17:41]} {[%emt 00:00:07]} 26. Nc5 {[%clk
00:33:41]} {[%emt 00:00:23]} Qd8 {[%clk 00:13:14]} {[%emt 00:04:56]} 27. g3
{[%clk 00:29:01]} {[%emt 00:05:10]} Nf6 {[%clk 00:12:02]} {[%emt 00:01:42]} 28.
Be3 {[%clk 00:24:41]} {[%emt 00:04:50]} Nd5 {[%clk 00:12:26]} {[%emt 00:00:07]}
29. Bg5 {[%clk 00:25:01]} {[%emt 00:00:10]} Qf8 {[%clk 00:11:50]} {[%emt
00:01:05]} 30. Rf1 {[%clk 00:23:58]} {[%emt 00:01:33]} a4 {[%clk 00:05:26]}
{[%emt 00:06:54]} 31. Nxe6 {[%clk 00:20:19]} {[%emt 00:04:08]} Qe8 {[%clk
00:04:21]} {[%emt 00:01:36]} 32. Nf4 {[%clk 00:20:46]} {[%emt 00:00:03]} Qxe2
{[%clk 00:04:03]} {[%emt 00:00:48]} 33. Nxe2 {[%clk 00:21:13]} {[%emt
00:00:04]} Rxc2 {[%clk 00:04:07]} {[%emt 00:00:25]} 34. Nf4 {[%clk 00:18:19]}
{[%emt 00:03:24]} Nb6 {[%clk 00:04:26]} {[%emt 00:00:11]} 35. Be7 {[%clk
00:18:29]} {[%emt 00:00:21]} Rh2 {[%clk 00:01:21]} {[%emt 00:03:34]} 36. Rc1
{[%clk 00:11:10]} {[%emt 00:07:49]} Nc4 {[%clk 00:01:37]} {[%emt 00:00:14]} 37.
Ka1 {[%clk 00:11:33]} {[%emt 00:00:07]} b3 {[%clk 00:00:33]} {[%emt 00:01:35]}
38. Nd5 {[%clk 00:06:56]} {[%emt 00:05:07]} Rxb2 {[%clk 00:00:40]} {[%emt
00:00:23]} 39. Bb4 {[%clk 00:02:03]} {[%emt 00:05:22]} Rxa2+ {[%clk 00:00:58]}
{[%emt 00:00:13]} 40. Kb1 {[%clk 00:02:31]} {[%emt 00:00:02]} Rb2+ {[%clk
00:01:22]} {[%emt 00:00:05]} 41. Ka1 {[%clk 00:02:58]} {[%emt 00:00:03]} Rg2
{[%clk 00:01:09]} {[%emt 00:00:43]} 42. Ne7+ {[%clk 00:01:43]} {[%emt
00:01:45]} Kh7 {[%clk 00:01:33]} {[%emt 00:00:05]} 43. Nxc8 {[%clk 00:02:01]}
{[%emt 00:00:13]} b2+ {[%clk 00:01:58]} {[%emt 00:00:05]} 44. Kb1 {[%clk
00:02:28]} {[%emt 00:00:03]} bxc1=Q+ {[%clk 00:02:21]} {[%emt 00:00:07]} 45.
Kxc1 {[%clk 00:02:55]} {[%emt 00:00:03]} Bh6+ {[%clk 00:02:46]} {[%emt
00:00:05]} 0-1

[Event "European Women's Chess Club Cup 2023"]
[Site "Durres, Albania"]
[Date "2023.10.06"]
[Round "6.22"]
[White "Mkrtchian, Lilit"]
[Black "Eric, Jovana"]
[Result "1-0"]
[TimeControl "90' + 30' & 30\""]
[WhiteElo "2389"]
[BlackElo "2146"]

1. Nf3 {[%clk 01:30:41]} {[%emt 00:00:14]} d5 {[%clk 01:30:46]} {[%emt
00:00:14]} 2. e3 {[%clk 01:29:31]} {[%emt 00:01:40]} Nf6 {[%clk 01:30:21]}
{[%emt 00:00:55]} 3. c4 {[%clk 01:29:34]} {[%emt 00:00:28]} c6 {[%clk
01:30:01]} {[%emt 00:00:49]} 4. Nc3 {[%clk 01:28:44]} {[%emt 00:01:20]} Bf5
{[%clk 01:27:03]} {[%emt 00:03:29]} 5. d4 {[%clk 01:19:58]} {[%emt 00:09:16]}
e6 {[%clk 01:26:35]} {[%emt 00:00:58]} 6. Nh4 {[%clk 01:20:21]} {[%emt
00:00:07]} Bg6 {[%clk 01:25:58]} {[%emt 00:01:07]} 7. Be2 {[%clk 01:11:23]}
{[%emt 00:09:27]} Nbd7 {[%clk 01:24:24]} {[%emt 00:02:04]} 8. g3 {[%clk
01:10:19]} {[%emt 00:01:35]} Ne4 {[%clk 01:19:58]} {[%emt 00:04:55]} 9. Nxg6
{[%clk 01:07:52]} {[%emt 00:02:57]} hxg6 {[%clk 01:20:24]} {[%emt 00:00:05]} 10.
Nxe4 {[%clk 01:04:32]} {[%emt 00:03:49]} dxe4 {[%clk 01:20:49]} {[%emt
00:00:06]} 11. Qc2 {[%clk 01:04:33]} {[%emt 00:00:29]} f5 {[%clk 01:20:19]}
{[%emt 00:01:00]} 12. Bd2 {[%clk 01:02:41]} {[%emt 00:02:22]} Kf7 {[%clk
01:17:19]} {[%emt 00:03:31]} 13. f3 {[%clk 00:57:23]} {[%emt 00:05:48]} Nf6
{[%clk 01:13:08]} {[%emt 00:04:40]} 14. O-O-O {[%clk 00:57:19]} {[%emt
00:00:33]} b5 {[%clk 01:01:16]} {[%emt 00:12:23]} 15. fxe4 {[%clk 00:44:48]}
{[%emt 00:12:32]} Nxe4 {[%clk 01:01:40]} {[%emt 00:00:06]} 16. Rdf1 {[%clk
00:45:30]} {[%emt 00:00:16]} Nxd2 {[%clk 00:52:33]} {[%emt 00:09:38]} 17. Qxd2
{[%clk 00:45:54]} {[%emt 00:00:06]} Be7 {[%clk 00:52:42]} {[%emt 00:00:21]} 18.
Kb1 {[%clk 00:39:44]} {[%emt 00:06:39]} Bf6 {[%clk 00:46:27]} {[%emt 00:06:46]}
19. Rc1 {[%clk 00:34:12]} {[%emt 00:06:01]} Rb8 {[%clk 00:39:47]} {[%emt
00:07:10]} 20. cxb5 {[%clk 00:22:23]} {[%emt 00:12:20]} cxb5 {[%clk 00:40:11]}
{[%emt 00:00:06]} 21. Rc5 {[%clk 00:22:08]} {[%emt 00:00:45]} Be7 {[%clk
00:38:23]} {[%emt 00:02:18]} 22. Rc2 {[%clk 00:19:30]} {[%emt 00:03:08]} Qd5
{[%clk 00:36:42]} {[%emt 00:02:11]} 23. Qd1 {[%clk 00:19:22]} {[%emt 00:00:38]}
Rbc8 {[%clk 00:32:43]} {[%emt 00:04:28]} 24. Bf3 {[%clk 00:19:08]} {[%emt
00:00:44]} Qd7 {[%clk 00:31:43]} {[%emt 00:01:31]} 25. Rxc8 {[%clk 00:16:41]}
{[%emt 00:02:57]} Rxc8 {[%clk 00:31:38]} {[%emt 00:00:35]} 26. Qb3 {[%clk
00:17:02]} {[%emt 00:00:10]} Rc4 {[%clk 00:23:34]} {[%emt 00:08:33]} 27. Be2
{[%clk 00:14:13]} {[%emt 00:03:19]} Rb4 {[%clk 00:20:35]} {[%emt 00:03:29]} 28.
Qc2 {[%clk 00:12:44]} {[%emt 00:01:59]} Qd5 {[%clk 00:19:28]} {[%emt 00:01:36]}
29. Rc1 {[%clk 00:13:04]} {[%emt 00:00:10]} e5 {[%clk 00:17:35]} {[%emt
00:02:23]} 30. dxe5 {[%clk 00:09:17]} {[%emt 00:04:18]} Qxe5 {[%clk 00:17:58]}
{[%emt 00:00:06]} 31. a3 {[%clk 00:09:15]} {[%emt 00:00:32]} Re4 {[%clk
00:17:30]} {[%emt 00:00:58]} 32. Qb3+ {[%clk 00:09:31]} {[%emt 00:00:15]} Kf6
{[%clk 00:14:28]} {[%emt 00:03:32]} 33. Rc6+ {[%clk 00:08:47]} {[%emt
00:01:13]} Bd6 {[%clk 00:13:09]} {[%emt 00:01:50]} 34. Bxb5 {[%clk 00:05:58]}
{[%emt 00:03:19]} Kg5 {[%clk 00:05:40]} {[%emt 00:07:59]} 35. h4+ {[%clk
00:05:32]} {[%emt 00:00:57]} Kf6 {[%clk 00:05:32]} {[%emt 00:00:37]} 36. Qg8
{[%clk 00:03:42]} {[%emt 00:02:20]} Qe7 {[%clk 00:05:03]} {[%emt 00:00:59]} 37.
Qd5 {[%clk 00:01:31]} {[%emt 00:02:40]} Re6 {[%clk 00:04:19]} {[%emt 00:01:15]}
38. Bc4 {[%clk 00:01:52]} {[%emt 00:00:09]} a5 {[%clk 00:02:39]} {[%emt
00:02:10]} 39. g4 {[%clk 00:01:48]} {[%emt 00:00:34]} fxg4 {[%clk 00:02:11]}
{[%emt 00:00:58]} 40. Qg5+ {[%clk 00:00:55]} {[%emt 00:01:23]} Kf7 {[%clk
00:02:36]} {[%emt 00:00:06]} 41. Qxg4 {[%clk 00:01:18]} {[%emt 00:00:06]} 1-0